00319pab a2200121 454500008004000000100002100040245003400061260000900095300002600104362001100130650003000141773002600171180718b1995 xxu||||| |||| 00| 0 eng d aSeetharamu, A.S. aEducation in the 21st century c1995 ap.6; 31 Oct 1995, p.6 a30 Oct aEducation, Higher - India aHindu (Business Line)